Match the Celeb to their Debut Album - Statistics

General Stats
  • This quiz has been taken 18 times
  • The average score is 119 of 144
Answer Stats
Question Tile Select % Correct
Lady GaGa + No
100%
Ed Sheeran A Girl Like Me No
100%
Ed Sheeran All I Really Want to Do No
100%
Ed Sheeran Emotions No
100%
Ed Sheeran For You No
100%
Lady GaGa For You No
100%
Ed Sheeran Frank No
100%
Lady GaGa Frank No
100%
Lady GaGa Infinite No
100%
Lady GaGa In the Lonely Hour No
100%
Ed Sheeran Justified No
100%
Lady GaGa Justified No
100%
Ed Sheeran Katy Hudson No
100%
Lady GaGa Katy Hudson No
100%
Ed Sheeran Pain in My Heart No
100%
Lady GaGa Pain in My Heart No
100%
Ed Sheeran The Fame No
100%
Mariah Carey + No
94%
Mariah Carey A Girl Like Me No
94%
Lady GaGa A Girl Like Me No
94%
Lady GaGa All I Really Want to Do No
94%
Lady GaGa Emotions No
94%
Mariah Carey Frank No
94%
Mariah Carey Infinite No
94%
Ed Sheeran Infinite No
94%
Mariah Carey In the Lonely Hour No
94%
Ed Sheeran In the Lonely Hour No
94%
Mariah Carey Justified No
94%
Mariah Carey Katy Hudson No
94%
Mariah Carey Pain in My Heart No
94%
Mariah Carey The Fame No
94%
Justin Timberlake + No
89%
Rihanna + No
89%
Katy Perry + No
89%
Ed Sheeran + Yes
89%
Amy Winehouse + No
89%
Sam Smith + No
89%
Justin Timberlake A Girl Like Me No
89%
Sam Smith A Girl Like Me No
89%
Justin Timberlake All I Really Want to Do No
89%
Mariah Carey All I Really Want to Do No
89%
Rihanna All I Really Want to Do No
89%
Katy Perry All I Really Want to Do No
89%
Sam Smith All I Really Want to Do No
89%
Justin Timberlake Emotions No
89%
Rihanna Emotions No
89%
Katy Perry Emotions No
89%
Amy Winehouse Emotions No
89%
Sam Smith Emotions No
89%
Katy Perry For You No
89%
Amy Winehouse For You No
89%
Rihanna Frank No
89%
Katy Perry Frank No
89%
Justin Timberlake Infinite No
89%
Rihanna Infinite No
89%
Katy Perry Infinite No
89%
Amy Winehouse Infinite No
89%
Justin Timberlake In the Lonely Hour No
89%
Rihanna In the Lonely Hour No
89%
Katy Perry In the Lonely Hour No
89%
Rihanna Justified No
89%
Katy Perry Justified No
89%
Amy Winehouse Justified No
89%
Sam Smith Justified No
89%
Justin Timberlake Katy Hudson No
89%
Rihanna Katy Hudson No
89%
Amy Winehouse Katy Hudson No
89%
Sam Smith Katy Hudson No
89%
Justin Timberlake Pain in My Heart No
89%
Katy Perry Pain in My Heart No
89%
Justin Timberlake The Fame No
89%
Katy Perry The Fame No
89%
Sam Smith The Fame No
89%
Eminem + No
83%
Cher + No
83%
Katy Perry A Girl Like Me No
83%
Eminem A Girl Like Me No
83%
Amy Winehouse A Girl Like Me No
83%
Amy Winehouse All I Really Want to Do No
83%
Eminem Emotions No
83%
Justin Timberlake For You No
83%
Rihanna For You No
83%
Justin Timberlake Frank No
83%
Cher Frank No
83%
Sam Smith Frank No
83%
Cher Infinite No
83%
Amy Winehouse In the Lonely Hour No
83%
Cher Justified No
83%
Eminem Katy Hudson No
83%
Cher Katy Hudson No
83%
Rihanna Pain in My Heart No
83%
Amy Winehouse Pain in My Heart No
83%
Sam Smith Pain in My Heart No
83%
Rihanna The Fame No
83%
Cher The Fame No
83%
Amy Winehouse The Fame No
83%
Otis Redding + No
78%
Prince + No
78%
Otis Redding A Girl Like Me No
78%
Prince A Girl Like Me No
78%
Eminem All I Really Want to Do No
78%
Otis Redding Emotions No
78%
Cher Emotions No
78%
Mariah Carey For You No
78%
Otis Redding For You No
78%
Eminem For You No
78%
Cher For You No
78%
Sam Smith For You No
78%
Prince Frank No
78%
Otis Redding Infinite No
78%
Prince In the Lonely Hour No
78%
Otis Redding Justified No
78%
Prince Justified No
78%
Otis Redding Katy Hudson No
78%
Prince Katy Hudson No
78%
Cher Pain in My Heart No
78%
Otis Redding The Fame No
78%
Prince The Fame No
78%
Cher A Girl Like Me No
72%
Otis Redding All I Really Want to Do No
72%
Prince All I Really Want to Do No
72%
Prince Emotions No
72%
Otis Redding Frank No
72%
Eminem Frank No
72%
Eminem In the Lonely Hour No
72%
Eminem Justified No
72%
Katy Perry Katy Hudson Yes
72%
Eminem Pain in My Heart No
72%
Eminem The Fame No
72%
Lady GaGa The Fame Yes
72%
Prince Pain in My Heart No
67%
Prince Infinite No
61%
Sam Smith Infinite No
61%
Cher In the Lonely Hour No
61%
Justin Timberlake Justified Yes
61%
Rihanna A Girl Like Me Yes
56%
Mariah Carey Emotions Yes
56%
Otis Redding In the Lonely Hour No
56%
Amy Winehouse Frank Yes
50%
Sam Smith In the Lonely Hour Yes
33%
Eminem Infinite Yes
28%
Otis Redding Pain in My Heart Yes
28%
Prince For You Yes
22%
Cher All I Really Want to Do Yes
17%
No matching quizzes found
Score Distribution
Percent of People with Each Score
Percentile by Number Answered
Your Score History
You have not taken this quiz